| 000 | 01120nam a22003137a 4500 | ||
|---|---|---|---|
| 003 | CHAP | ||
| 005 | 20220329135808.0 | ||
| 008 | 971013s1965 r 00010 d | ||
| 010 | _a42314 | ||
| 011 | _a43286 | ||
| 035 | _a47422 | ||
| 040 | _cCHAP | ||
| 082 |
_a333.0981 _bF73 |
||
| 100 | 0 | 0 |
_aFranco, Alberto. _942987 |
| 245 | _aCaracterísticas do latifundio e condicoes associadas com a sua existencia no sul do Brasil | ||
| 260 |
_aRio de Janeiro : _bIICA, _c1965 |
||
| 300 |
_a131 p. _b: ilus. |
||
| 490 |
_aMateriais de ensino para reforma agraria _v; 3B |
||
| 590 |
_aBATCH-UPD _b10 _c20130110 _lUCH01 _h0302 |
||
| 590 |
_aBATCH-UPD _b10 _c20130110 _lUCH01 _h2144 |
||
| 590 |
_aCONVERSION _b10 _c20130109 _lUCH01 _h1323 |
||
| 650 | 1 | 4 |
_aTierras _xTenencia _xBrasil. _9113147 |
| 830 | 0 |
_aMateriais de ensino para reforma agraria _v; 3B _972935 |
|
| 901 | _aBK | ||
| 942 | _cLIBRO | ||
| 949 |
_a333.0981 F73 _bBC _cLIBRO _d33724000328712 _eLIBRO _fc.2 _i47422 _mD _si |
||
| 949 |
_a333.0981 F73 _bBC _cLIBRO _d33724000329330 _eLIBRO _fc.3 _i47422 _mD _si |
||
| 949 |
_a333.0981 F73 _bBC _cLIBRO _d33724000329520 _eLIBRO _i47422 _mD _si |
||
| 999 |
_c42314 _d42314 |
||